| 000 | 00532nam a22001817a 4500 | ||
|---|---|---|---|
| 005 | 20140115102621.0 | ||
| 010 | _aENG-109088 | ||
| 020 |
_a9789350620632 _c145.00 |
||
| 035 | _aEN-92621 | ||
| 037 | _bDBAD/PUB | ||
| 082 | _a658.812 | ||
| 100 | _aGriffith, Sandra | ||
| 245 |
_aImplement customer service standards / _cby Sandra Griffith |
||
| 260 |
_aNew Delhi _bExcel Books _c2012 |
||
| 270 |
_aA- 45, Naraina, Phase 1 _bNew Delhi _e110028 |
||
| 300 |
_axiii,114p. _c24cm(pbk) |
||
| 942 |
_2ddc _cEN _mGRI _h658.812 |
||
| 999 |
_c81851 _d81851 |
||